Vista normal
Vista MARC
- Cabanellas de Torres, Guillermo
Entrada Nombre personal
Número de registros utilizados en: 8
001 - NÚMERO DE CONTROL
- campo de control: 234
003 - IDENTIFICADOR DE NÚMERO DE CONTROL
- campo de control: OSt
005 - FECHA Y HORA DE LA ÚLTIMA TRANSACCIÓN
- campo de control: 20211126050729.0
008 - ELEMENTOS DE DATO DE LONGITUD-FIJA
- campo de control de longitud fija: 211126|| aca||aabn | a|a d
040 ## - FUENTE DE CATALOGACIÓN
- Centro catalogador/agencia de origen: OSt
- Centro/agencia transcriptor: OSt
100 ## - ENCABEZAMIENTO-NOMBRE DE PERSONA
- Nombre de persona: Cabanellas de Torres, Guillermo
670 ## - FUENTE DE DATOS ENCONTRADOS
- Cita de la fuente: Work cat.: (OSt)67: Cabanellas de Torres, Guillermo, Diccionario jur dico elemental (actualizado, corregido y aumentado), c2005

